№ 1: [сборник]; Сборник трудов [Научно-исследовательского института санитарной техники]

Detalles Bibliográficos
Parent link:Сборник трудов [Научно-исследовательского института санитарной техники]/ Академия строительства и архитектуры СССР (АСиА СССР) ; Научно-исследовательский институт санитарной техники (НИИсантехники). № 1.— , 1958-
Idioma:ruso
Publicado: 1958
Subjects:
Formato: Libro
KOHA link:https://koha.lib.tpu.ru/cgi-bin/koha/opac-detail.pl?biblionumber=334181

MARC

LEADER 00000nam2a2200000 4500
001 334181
005 20231102004629.0
035 |a (RuTPU)RU\TPU\book\360210 
035 |a RU\TPU\book\360202 
090 |a 334181 
100 |a 20170712d1958 k y0rusy50 ca 
101 0 |a rus 
102 |a RU 
105 |a a z 001zy 
200 0 |a № 1  |e [сборник] 
210 |d 1958 
215 |a 200 с.  |c ил. 
320 |a Библиогр. в конце ст. 
461 1 |0 (RuTPU)RU\TPU\book\357391  |t Сборник трудов [Научно-исследовательского института санитарной техники]  |f Академия строительства и архитектуры СССР (АСиА СССР) ; Научно-исследовательский институт санитарной техники (НИИсантехники)  |v № 1  |d 1958-  
606 1 |a Санитарно-техническое оборудование  |2 stltpush  |3 (RuTPU)RU\TPU\subj\53823  |9 71988 
610 1 |a лучистое отопление 
610 1 |a вытяжная вентиляция 
610 1 |a загрязненный воздух 
610 1 |a аэрация 
610 1 |a промышленные предприятия 
610 1 |a отопление 
675 |a 628  |v 4 
801 1 |a RU  |b 63413507  |c 20170629 
801 2 |a RU  |b 63413507  |c 20170829  |g RCR 
942 |c BK